Escritos escogidos [de Blaise Pascal y Jacques-Bénigne Bossuet] /
Colección conformada por 40 volúmenes (de la cual el Iteso cuenta con 39) en la que se reúnen las obras fundamentales de la literatura universal. La selección comprende distintos géneros, como novela, poesía, cuento, teatro, epístolas, biografías, oratoria, relatos históricos y tratados filosóficos,...
Salvato in:
| Autore principale: | |
|---|---|
| Altri autori: | , |
| Natura: | Libro |
| Lingua: | spagnolo |
| Pubblicazione: |
Buenos Aires, Argentina :
W.M. Jackson,
1960, c1960
|
| Edizione: | 4a edición |
| Serie: | (Clásicos Jackson ; Segunda Serie)
32. |
| Soggetti: | |
| Tags: |
Nessun Tag, puoi essere il primo ad aggiungerne!!
|
MARC
| LEADER | 00000nam^a2200000^a^4500 | ||
|---|---|---|---|
| 001 | 000361454 | ||
| 005 | 20250521000000.0 | ||
| 009 | 20260310115453.472 | ||
| 037 | |a Acervo ITESO - Biblioteca | ||
| 041 | |a ESP | ||
| 082 | |a 808. 8 |b JAC V. 32 | ||
| 100 | |a Pascal, Blaise |e (autor) | ||
| 245 | 1 | 0 | |a Escritos escogidos [de Blaise Pascal y Jacques-Bénigne Bossuet] / |c B. Pascal, J.B. Bossuet ; selec. y prelim. de R. Caillois. |
| 250 | |a 4a edición | ||
| 264 | 4 | |a Buenos Aires, Argentina : |b W.M. Jackson, |c 1960, c1960 | |
| 300 | |a XXVI, 509 p. | ||
| 336 | |a texto |b txt |2 rdacontenido | ||
| 337 | |a sin mediación |b n |2 rdamedio | ||
| 338 | |a volumen |b nc |2 rdasoporte | ||
| 440 | 1 | |a (Clásicos Jackson ; |v 32. |p Segunda Serie) | |
| 520 | |a Colección conformada por 40 volúmenes (de la cual el Iteso cuenta con 39) en la que se reúnen las obras fundamentales de la literatura universal. La selección comprende distintos géneros, como novela, poesía, cuento, teatro, epístolas, biografías, oratoria, relatos históricos y tratados filosóficos, que abarcan desde la Grecia antigua hasta principios del siglo XX. Cada volumen incluye un estudio preliminar en el que se describe y valora las cualidades literarias de las obras en cuestión. | ||
| 545 | 0 | |a Blaise Pascal (1623-1662), matemático francés. Educado por su padre, mismo que decidió que su hijo no estudiara matemáticas antes de los quince años, y que todos los textos de matemáticas fueron sacados de la casa. Esta prohibición desarrollo en él una curiosidad que lo condujo a investigar la geometría por sí mismo a los doce años. A los catorce años, Pascal comenzó a asistir a las reuniones de Mersenne. Ahí en París frecuentó a Pierre de Fermat, Pierre Gassendi y a otros. Inventó la primera calculadora digital en 1642, además de la jeringa y la prensa hidráulica. Descubrió la ley de la presión de Pascal y produjo importantes teoremas en la geometría descriptiva. En colaboración con Fermat, fundaron las bases de la teoría de la probabilidad. Su obra filosófica más famosa es Pensamientos (Pensées), una colección de pensamientos personales sobre el sufrimiento humano y la fe en Dios. | |
| 545 | 0 | |a Jacques-Bénigne Bossuet (Dijon, 1627 – París, 1704), religioso y escritor francés, nombrado por el rey Luis XIV como preceptor de Luis de Francia, El Gran Delfín, heredero al trono, en 1670. Bossuet, cuya trayectoria eclesiástica arrancó hacia mediados del siglo, fue dueño de una sólida prosa barroca, que tiene una de sus mejores expresiones en sus Oraciones fúnebres (1656-87), pronunciadas en memoria de diversos personajes de la familia real. El tratado Del conocimiento de Dios y de sí mismo (1668-1670) también precede a su desempeño como tutor del sucesor real, para quien escribió numerosas obras, tales como: Discurso sobre la historia universal (1681), en que la historia es vista con un enfoque teológico; Discurso sobre la unidad de las iglesias (1681); la obra polémica Historia de las variaciones de las iglesias protestantes (1688), argumento sobre la presunta endeblez de las doctrinas protestantes, y el panfleto Informe sobre el quietismo (1698). Autor de cerca de 700 sermones, de los que se conservan casi 250, Bossuet se cuenta entre los más lúcidos exponentes de la historiografía providencialista y los más brillantes defensores de la autoridad del rey y de la Iglesia, en el clima de absolutismo monárquico y restauración católica que caracterizó a su época. | |
| 649 | |a XX | ||
| 650 | |a Dios y Hombre | ||
| 650 | |a Cartas Francesas | ||
| 650 | |a Sermones Funerarios | ||
| 650 | |a Sermones Franceses | ||
| 650 | |a Discursos Funerarios (Oratoria) - |z Francia | ||
| 650 | |a Discursos Franceses (Oratoria) | ||
| 650 | |a Libertad - |x Filosofía | ||
| 650 | |a Casuística | ||
| 650 | |a Jansenismo | ||
| 650 | |a Teología | ||
| 650 | |a Catolicismo | ||
| 650 | |a Cristianismo | ||
| 650 | |a Religión y Ciencia | ||
| 650 | |a Geometría Plana | ||
| 650 | |a Geometría Proyectiva | ||
| 650 | |a Filosofía Moderna | ||
| 650 | |a Filosofía Francesa | ||
| 650 | |a Literatura Religiosa - |z Francia | ||
| 650 | |a Literatura Francesa - |y Siglo XVII | ||
| 700 | |a Bossuet, Jacques-Bénigne |e (autor) | ||
| 700 | |a Caillois, Roger |e (selección y preliminares) | ||
| 910 | |a Fondo General | ||
| 920 | |a Impresos - Libros | ||
| 930 | |a Colección General | ||
| 940 | |a Literatura | ||
| 905 | |a 101 | ||
| 901 | |a 0500254631 |b IT1 |c LIT |i D72025 |u 20250521 | ||
| 902 | |a https://opac.biblio.iteso.mx/vufind/Record/000361454 | ||